Quizzes
Events
Quiz Creation
Community
Videos
Private Events
Remove Ads
Sign In
Join for FREE
Feedback
Dark Mode
Quiz Categories
Sports
Geography
Music
Movies
Television
Just For Fun
Miscellaneous
History
Literature
Language
Science
Gaming
Entertainment
Religion
Holiday
For Kids
Quiz Lab
Recent
Popular Today
Quiz Kudos Today
Editor Picks
Curator Picks
Quizzes by...
Day
Popularity
Type
Ratings
Length
Year
Community
Subscriptions
Recent Discussions
Orange Saloon
Badges
Playlists
Quests
Create
Leaderboards
Showdown
Live 5
Trivia Bingo
Activity
Puzzle Library
Sporcle Events
Private Events
Virtual Trivia
Globe League
Become a Host
Pub Owners
SporcleCon
Opinionation
Our Games
Videos
Blog
Mobile Apps
Partnerships
Remove Ads and Go Orange
Feedback
Television
TV Characters
TV Show
Sitcom
Network
Friends
Reality Shows
Cast
South Park
Star Trek
The Simpsons
Doctor Who
Television
TV Characters
TV Show
Sitcom
Network
Friends
Reality Shows
Cast
South Park
Star Trek
The Simpsons
Doctor Who
Random Quiz
Search Sporcle
×
Quiz Lab
Quiz Lab
Television
Sitcom
Type in answers that appear in a list
Type in answers that appear in a list
Classic
Best Score? Go Orange.
How I Met Your Mother First Words Stats
Can you name the first words said by the characters on How I Met Your Mother?
By
scottnadeumusic
13m
24 Questions
319 Plays
319 Plays
319 Plays
Comments
Comments
Give Quiz Kudos
Give Quiz Kudos
-
- Ratings
hide this ad
More Info
Replay
Link that replays current quiz
Next Quiz
Link to next quiz in quiz playlist
You Got
0%
They Got
Avg Score
16%
Avg Friend Score
Upgrade to see
Score Distribution
Jump to the score distribution portion of the page
Score
0/24
Timer
13:00
0
Plays Today
Character
Quote
% Correct
Marshall
Will you marry me?
82.8%
Boy
Are we being punished for something?
53.3%
Girl
Yeah, is this going to take a while?
34.2%
Future Ted
Kids, I'm going to tell you an incredible story
26.6%
Robin
Let me guess... Ted?
25.4%
Carl
By the way, you shoulda kissed her.
17.2%
Punchy
Sup Schmosby!
15.4%
Ranjit
Actually, I'm from Bangladesh.
15%
Nora
Hey Guys! So sorry I'm late.
14.7%
Kevin
This is court mandated therapy; You assaulted a woman.
11.9%
Victoria
I should tell you I have a rule: I never hook up at weddings.
11.3%
James Stinson
What up New York?
11%
Character
Quote
% Correct
Ted
Yes, perfect, and then you're engaged.
8.5%
Barney
Hey, so you know how I've always had a thing for half-asian girls?
8.5%
Wendy The Waitress
And for the birthday boy... Lasagna!
7.8%
Lily
I'm exhausted. It was fingerpainting day at school and a five year old boy got to second base with me.
7.2%
Marvin Ericksen Sr.
Where's my almost daughter in law?
7.2%
Zoey
Beautiful building right?
7.2%
Stella
Ah, the butterfly tramp stamp, my bread and butter.
6.9%
Don Frank
Hi, are you Robin?
5%
Arthur Hobbs
Hey Marshall.
5%
George VanSmoot (The Captain)
But you can, and should, call me The Captain.
4.7%
Scooter
Dude, you are the hottest girl at this prom!
4.1%
Sandy Rivers
Here we have on the front page... a story about a guy in a superhero costume climbing the Empire State Building. Sounds interesting.
1.6%
Quiz Playlist
Details
Report
Send in Message
Add To Playlist
More Info:
What were the first words said by these How I Met Your Mother characters?
Classic:
Type in answers that appear in a list
Last Updated: Feb 16, 2017
Quiz Scoreboard
CHALLENGE
Sign Up to Join the Scoreboard
Show All
Scores
Hide
Comments
May contain spoilers
Recently Published
Movies - When Are They Set?
by FPL_Elf
Movies
5m
Popular People in 1961
by mucciniale
History
6m
1-10 Letter E Words III
by El_Dandy
Language
2m
More to Explore
Quiz From the Vault
Featured Blog Post
Where Did the Easter Bunny Come From?
hide this ad
You Might Also Like...
Tags
Sitcom Quiz
TV Show Quiz
Barney
Barney Stinson
cbs
Comedy
How I Met Your Mother
Lily
marshall
robin
Ted
TV Quotes
Today's Top Quizzes in Television
Browse Television
hide this ad
Today's Top Quizzes in Sitcom
Browse Sitcom
Top Contributed Quizzes in Television
1
One Piece Logic Puzzle
2
Survivor Logic Puzzle: Heroes vs. Villains
3
Survivor Seasons
4
Survivor Season by Logo
5
Survivor Trivia
6
Survivor Logic Puzzle: Winners at War
7
Ultimate Survivor Logic Puzzle
8
Phoebe Buffay Quotes
9
One Thing in Common: Television
10
Who Wants to Be a Millionaire?
Explore More
Trending Topics
Disney
Anime
Harry Potter
Crossword
Marvel
Kpop
NBA
WWE
NFL
Soccer
Song
Country
Pokémon
The Office
Puzzle
hide this ad
More By:
scottnadeumusic
Quiz
Plays
Rating
Category
Featured
Created
How I Met Your Mother First Words
319
2.22
Television
Feb 5, 2012
Go to Creator's Profile
Score Distribution
Quiz Creator Spotlight
scottnadeumusic
Follow
Send a Message
Quizzes Created
-
Created Quiz Play Count
-
More By This Creator
Popular Quizzes Today
1
Find the US States - No Outlines Minefield
2
Find the Countries of Europe - No Outlines Minefield
3
The Countries of the World
4
Popular People in 1961
5
1-10 Letter E Words III
6
US States
7
Find the US States
8
One Thing in Common: World Cities II
More Television Quizzes
Board Games Based on TV Shows
Published
Trending Quizzes
Risky Map Clicking: Least Populous States A-Z
1-10 Letter F Words
1-10 Letter G Words
One Thing in Common: United Kingdom
Risky Map Clicking: Next State Alphabetically
Recently Updated
Leaping Animals
pecheneg
Reality TV Shows (A-Z)
bhenderson79
Rickey Henderson's Hall of Fame Teammates
pecheneg
Champions League XIs: Arsenal
pecheneg
Quick Pick: Celebrities in WWE's Hall of Fame
aduchscher
A-Z Keypad Blitz II
pecheneg
Multiple Oscar Actors
pecheneg
Mystery Phrase Blitz: Oscar 'Best Actors'
pecheneg
F. Scott Fitzgerald Novels
LTH
Pick 3 Villains
ddd62291
Trending Topics
Kpop
NBA
Anime
Disney
Crossword
Harry Potter
Marvel
Country
Song
NFL
Puzzle
WWE
Pokémon
The Office
Soccer
Your Account Isn't Verified!
In order to create a playlist on Sporcle, you need to verify the email address you used during registration. Go to your
Sporcle Settings
to finish the process.
Report this User
Report this user for behavior that violates our
Community Guidelines
.
Details:
Send Report
Go to the Sporcle.com Mobile Site →
Comments